Co brání rozvoji joint ventures v České republice? Pohled z Nizozemska.

Prvé výsledky výskumu na Erasmovej univerzite v Rotterdame týkajúceho sa transformácie podnikov v Českej republike. Vysoké riziko prenikania zahraničných investorov na český trh. Stratégia holandských podnikov. "Opatrná" stratégia. Stratégia "integrácie". Príťažlivosť ČR a SR pre holandských podnika...

Description complète

Enregistré dans:
Détails bibliographiques
Auteur principal: Koselka, F.
Format: Chapitre de livre
Langue:tchèque
Sujets:
Tags: Ajouter un tag
Pas de tags, Soyez le premier à ajouter un tag!

MARC

LEADER 00000naa a2200000 4500
001 r011692
005 20220826093332.5
041 0 |a cze 
044 |a [CS] 
245 1 0 |a Co brání rozvoji joint ventures v České republice?  |b Pohled z Nizozemska.  |c F. Koselka 
520 |a Prvé výsledky výskumu na Erasmovej univerzite v Rotterdame týkajúceho sa transformácie podnikov v Českej republike. Vysoké riziko prenikania zahraničných investorov na český trh. Stratégia holandských podnikov. "Opatrná" stratégia. Stratégia "integrácie". Príťažlivosť ČR a SR pre holandských podnikateľov. Sféry rozvoja joint ventures. Nevyhnutnosť aktívnej politiky štátu pri transformácii podnikov. 
610 2 0 |a joint ventures 
610 2 0 |a Čechy 
610 2 0 |a Slovensko 
610 2 0 |a Holandsko 
610 2 0 |a investície v zahraničí 
100 1 |a Koselka, F.